[Event "Knut Bockman Cup"]
[Site "Oslo NOR"]
[Date "2009.04.06"]
[Round "1"]
[White "Gandrud,V"]
[Black "Botheim,T"]
[Result "1-0"]
[WhiteElo "2124"]
[BlackElo "1985"]

1.d4 Nf6 2.c4 g6 3.Nc3 Bg7 4.e4 d6 5.Nf3 O-O 6.Be2 e5 7.dxe5 dxe5 8.Qxd8 Rxd8
9.Bg5 Re8 10.O-O-O c6 11.Nxe5 Nxe4 12.Nxe4 Bxe5 13.f4 Bg7 14.Bf3 Na6 15.Nf6+ Bxf6
16.Bxf6 Bf5 17.g4 Be6 18.b3 Rac8 19.Rd6 Nc5 20.h4 Nd7 21.Bc3 Kf8 22.Rhd1 Rcd8
23.Bf6 Rc8 24.Rxd7 Bxd7 25.Rxd7 Re3 26.Bd1 b5 27.c5 a5 28.Ra7 Ke8 29.Rxa5 Re4
30.Be5 f6 31.Bd6 Re1 32.Ra7  1-0

[Event "11th European Senior Team"]
[Site "Velden AUT"]
[Date "2009.04.06"]
[Round "2"]
[White "Nordby,B"]
[Black "Watzka,H"]
[Result "1/2-1/2"]
[WhiteElo "2159"]
[BlackElo "2324"]

1.d4 Nf6 2.Nf3 d6 3.c4 g6 4.Nc3 Bg7 5.e4 O-O 6.Be2 e5 7.O-O Qe8 8.dxe5 dxe5
9.Be3 Qe7 10.Nd5 Nxd5 11.cxd5 Rd8 12.Qb3 c6  1/2-1/2

[Event "16th TCh-RUS Premier"]
[Site "Dagomys RUS"]
[Date "2009.04.07"]
[Round "4"]
[White "Ivanov,Sergey1"]
[Black "Riazantsev,A"]
[Result "1/2-1/2"]
[WhiteElo "2551"]
[BlackElo "2635"]

1.d4 Nf6 2.c4 g6 3.Nc3 Bg7 4.e4 d6 5.Nf3 O-O 6.Be2 Nbd7 7.O-O e5 8.Re1 Re8
9.Bf1 a6 10.d5 a5 11.Bg5 h6 12.Bd2 Nc5 13.g3 Bg4 14.h3 Bd7 15.b3 c6 16.a3 cxd5
17.cxd5 Qc8 18.Kh2 b5 19.Rc1 Qb7 20.b4 axb4 21.axb4 Na4 22.Qb3 Rec8 23.Bd3 Kh7
24.Rc2 Ne8 25.Rec1 Bf6 26.Nb1 Rxc2  1/2-1/2

[Event "11th European Senior Team"]
[Site "Velden AUT"]
[Date "2009.04.07"]
[Round "3"]
[White "Korhonen,E"]
[Black "Olesen,P"]
[Result "0-1"]
[WhiteElo "1971"]
[BlackElo "2039"]

1.Nf3 Nf6 2.d4 g6 3.c4 Bg7 4.Nc3 O-O 5.e4 d6 6.Be2 c6 7.O-O e5 8.d5 c5 9.Ne1 Ne8
10.Nd3 f5 11.f3 f4 12.a3 g5 13.Bd2 h5 14.Be1 Nd7 15.b4 b6 16.h3 Rf6 17.bxc5 bxc5
18.Rb1 Rg6 19.Qa4 Ndf6 20.Nb5 Qe7 21.Nf2 Bf8 22.Rb3 Qg7 23.Nxd6 Nxd6 24.Qc6 Nb7
25.Bc3 Nd7 26.Qb5 a6 27.Qa4 Nb6 28.Rxb6 Rxb6 29.Qe8 Qe7 30.Qa4 Bd7 31.Qc2 Nd6
32.Nd3 Nf7 33.Rd1 Rab8 34.Qc1 Ba4 35.Re1 Bg7 36.Qa1 Rg6 37.Kf2 g4 38.Rh1 g3+
39.Ke1 Rgb6 40.Kd2 Qb7 41.Nxf4 Rb2+ 42.Bxb2 Qxb2+ 43.Qxb2 Rxb2+ 44.Kc1 exf4
45.Bd1 Bxd1 46.Rxd1 Rxg2 47.d6 Rf2 48.d7 g2 49.d8=Q+ Nxd8 50.Rxd8+ Kh7  0-1

[Event "Trofeo Cabildo"]
[Site "Las Palmas ESP"]
[Date "2009.04.08"]
[Round "4"]
[White "Natalicchio Escalante,N"]
[Black "Alvarado Diaz,A"]
[Result "1-0"]
[WhiteElo "2246"]
[BlackElo "1787"]

1.Nf3 Nf6 2.c4 g6 3.Nc3 Bg7 4.e4 d6 5.d4 O-O 6.Be2 Nbd7 7.O-O e5 8.Re1 c6
9.b3 Re8 10.Bf1 exd4 11.Nxd4 Nc5 12.f3 a5 13.Be3 Nfd7 14.Qd2 Na6 15.Rab1 Ndc5
16.a3 Qe7 17.b4 axb4 18.axb4 Ne6 19.Nc2 Nac7 20.f4 Nf8 21.Bd4 Nce6 22.Bxg7 Nxg7
23.Rbd1 Bg4 24.Rc1 Red8 25.Ne3 Bc8 26.Qf2 Qf6 27.Ned5 cxd5 28.Nxd5 Qe6 29.Nc7 Qf6
30.Nxa8 Nh5 31.g3  1-0

[Event "10th TCh-RUS w"]
[Site "Dagomys RUS"]
[Date "2009.04.09"]
[Round "7"]
[White "Tarasova,Viktoriy"]
[Black "Ivkina,O"]
[Result "0-1"]
[WhiteElo "2292"]
[BlackElo "2275"]

1.d4 Nf6 2.c4 g6 3.Nc3 Bg7 4.e4 d6 5.Nf3 O-O 6.Be2 Na6 7.O-O e5 8.Be3 Ng4
9.Bg5 Qe8 10.dxe5 dxe5 11.h3 h6 12.Bd2 Nf6 13.Be3 Qe7 14.a3 c6 15.b4 Nh5
16.Qa4 Nf4 17.b5 Nb8 18.Bd1 Be6 19.bxc6 bxc6 20.Rb1 Rd8 21.Bc2 Bf8 22.Nxe5 Qg5
23.Bxf4 Qxf4 24.Nd3 Qd2 25.Na2 Nd7 26.Rbd1 Qg5 27.f4 Qh4 28.Qb3 Bxh3 29.gxh3 Qg3+
30.Kh1 Qxh3+ 31.Kg1 Nc5 32.Nxc5 Bxc5+ 33.Rf2 Qxb3 34.Bxb3 Rxd1+ 35.Bxd1 Rd8
36.Be2 Rd2 37.Nc1 Rc2 38.Nb3 Be3 39.Kf1 Rb2 40.Na5 Bxf2 41.Kxf2 c5 42.Nc6 h5
43.Kf1 a6 44.a4 h4 45.Bg4 Rb3 46.Ne5 Ra3 47.Bd7 Kf8 48.Kg2 Ke7 49.Bc6 g5
50.Bd5 gxf4 51.a5 Rg3+ 52.Kf2 f6 53.Nc6+ Kd6 54.Nd8 h3 55.Nf7+ Kd7 56.e5 fxe5
57.Nxe5+ Kd6 58.Nf3 Rg2+ 59.Kf1 Rb2 60.Kg1 Ra2  0-1

[Event "Knut Bockman Cup"]
[Site "Oslo NOR"]
[Date "2009.04.09"]
[Round "5"]
[White "Gandrud,V"]
[Black "Harestad,H"]
[Result "0-1"]
[WhiteElo "2124"]
[BlackElo "2235"]

1.d4 Nf6 2.c4 g6 3.Nc3 Bg7 4.e4 d6 5.Nf3 O-O 6.Be2 e5 7.dxe5 dxe5 8.Qxd8 Rxd8
9.Bg5 Re8 10.O-O-O h6 11.Bxf6 Bxf6 12.Nd5 Bd8 13.Ne3 Nd7 14.Bd3 c6 15.Bc2 a5
16.Rd2 Bb6 17.Rhd1 Nc5 18.b3 f6 19.a3 Na6 20.Kb2 Be6 21.Bd3 Kf7 22.h3 Bc5
23.Nc2 Bf8 24.Nfe1 Nc5 25.Ne3 h5 26.N1c2 Red8 27.f3 Ra6 28.Kc3 Bh6 29.Be2 Rda8
30.Rd8 Ke7 31.Rxa8 Rxa8 32.b4 axb4+ 33.axb4 Bxe3 34.Nxe3 Ra3+ 35.Kd2 Nb3+
36.Ke1 Nd4 37.Bd3 f5 38.exf5 gxf5 39.Kd2 f4 40.Nc2 Rxd3+ 41.Kxd3 Bf5+ 42.Kc3 Nxc2
43.c5 Ne3 44.Re1 h4  0-1

[Event "CEZ Cup"]
[Site "Frydek Mistek CZE"]
[Date "2009.04.10"]
[Round "3"]
[White "Krzyzanowski,M"]
[Black "Nemcova,Kat"]
[Result "1-0"]
[WhiteElo "2272"]
[BlackElo "2294"]

1.d4 Nf6 2.c4 g6 3.Nc3 Bg7 4.e4 d6 5.Nf3 O-O 6.Be2 e5 7.Be3 Ng4 8.Bg5 f6
9.Bc1 Nc6 10.d5 Ne7 11.b4 a5 12.Ba3 axb4 13.Bxb4 c5 14.dxc6 Qb6 15.O-O Qxb4
16.Rb1 Qxc3 17.cxb7 Bxb7 18.Rxb7 Nh6 19.Rxe7 Nf7 20.Qb3 Ra3 21.Qxc3 Rxc3
22.Rb1 Rc2 23.Bd1 Rxa2 24.Bb3 Raa8 25.c5 Rfb8 26.Kf1 Rxb3 27.Rxb3 dxc5 28.Rbb7 Rf8
29.Nd2 f5 30.Rbc7 Bf6 31.Red7 Ng5 32.exf5 gxf5 33.Rxc5 Ne6 34.Rc6 Nd4 35.Ra6 Bg5
36.Nc4 Rc8 37.g3 Nb3 38.Raa7 Bf6 39.Nd6  1-0

[Event "Open"]
[Site "Lenk SUI"]
[Date "2009.04.10"]
[Round "2"]
[White "Schneuwly,A"]
[Black "Lehmann,Mar"]
[Result "1-0"]
[WhiteElo "2126"]
[BlackElo "2263"]

1.d4 Nf6 2.Nf3 g6 3.c4 Bg7 4.Nc3 O-O 5.e4 d6 6.Be2 Nbd7 7.O-O e5 8.Bg5 h6
9.Bxf6 Qxf6 10.d5 Qe7 11.b4 f5 12.Rc1 Nf6 13.Nd2 h5 14.Rc2 Bh6 15.Bf3 f4
16.Nb3 Qg7 17.c5 a6 18.Na5 g5 19.cxd6 g4 20.Be2 f3 21.Bd3 fxg2 22.Kxg2 Qg5
23.Kh1 Qh4 24.Ne2 cxd6 25.Nc4 Nh7 26.Nxd6 Ng5 27.f4 gxf3 28.Ng3 Qh3 29.Rff2 h4
30.Ngf5 Bxf5 31.Nxf5 Rxf5 32.exf5 e4 33.Bxe4 Nxe4 34.Rxf3 Ng3+ 35.Kg1 Re8
36.d6 Bg5 37.d7 Re3 38.d8=Q+ Bxd8 39.Qxd8+ Kg7 40.Qd7+ Kh6 41.Qd6+ Kh5 42.Qg6+  1-0

[Event "Knut Bockman Cup"]
[Site "Oslo NOR"]
[Date "2009.04.10"]
[Round "6"]
[White "Urkedal,F"]
[Black "Stubberud,O"]
[Result "1-0"]
[WhiteElo "2299"]
[BlackElo "2197"]

1.d4 Nf6 2.c4 g6 3.Nc3 Bg7 4.e4 d6 5.Nf3 O-O 6.Be2 e5 7.O-O Na6 8.Be3 Ng4
9.Bg5 Qe8 10.c5 exd4 11.Nd5 Nxc5 12.Nxc7 Qxe4 13.Re1 Rb8 14.Bc4 Qf5 15.Be7 Ne4
16.Bxf8 Ngxf2 17.Qe2 Bxf8 18.Bd5 d3 19.Qe3 b6 20.Bxe4 Nxe4 21.Qxe4 Qc5+ 22.Qe3 Qxc7
23.Qxd3 Bf5 24.Qd2 Qb7 25.Nd4 Be4 26.Nb5 d5 27.Nc3 Bc5+ 28.Kh1 Bb4 29.Rac1 Rc8
30.a3 Bxc3 31.Rxc3 h5 32.Rec1 Rxc3 33.Rxc3 Qe7 34.Rc8+ Kh7 35.Qc3 Kh6 36.Rc7 Qe6
37.Rxa7 Qg4 38.Qd2+ Kg7 39.Kg1 b5 40.h3 Qc8 41.Qf2 Bf5 42.Qd4+ Kg8 43.b3 Qe8
44.a4 bxa4 45.bxa4 g5 46.a5 h4 47.Qf2 Bg6 48.a6 Qc8 49.Rb7 Kh7 50.Rxf7+ Bxf7
51.Qxf7+ Kh6 52.Qf6+ Kh5 53.Qf7+ Kh6 54.a7 Qc5+ 55.Kh2 Qd6+ 56.Kh1 Qa3 57.Qc7 Qa6
58.Qb8 g4 59.hxg4 h3 60.Qf8+  1-0

[Event "47th Doeberl Cup Premier"]
[Site "Canberra AUS"]
[Date "2009.04.11"]
[Round "5"]
[White "Van der Wal,F"]
[Black "Oliver,G"]
[Result "0-1"]
[WhiteElo "1932"]
[BlackElo "2187"]

1.Nf3 Nf6 2.c4 g6 3.Nc3 Bg7 4.e4 d6 5.Be2 O-O 6.d4 e5 7.Bg5 h6 8.Bh4 g5 9.Bg3 Nfd7
10.d5 a5 11.Qd2 Nc5 12.h4 f6 13.hxg5 fxg5 14.Nh2 Qe8 15.Ng4 Qg6 16.Qe3 Nbd7
17.f3 h5 18.Nf2 Bh6 19.Nd3 b6 20.Qg1 Nf6 21.Nxe5 dxe5 22.Bxe5 Bd7 23.Bxc7 Nfxe4
24.Nxe4 Nxe4 25.Qxb6 Qxb6 26.Bxb6 Ng3 27.Kf2 Nxh1+ 28.Rxh1 h4 29.c5 Rab8
30.b3 Bg7 31.Rd1 Bc3 32.Bc7 Rbc8 33.Bd6 Rfe8 34.Ba6 Ra8 35.Bb7 Rad8 36.Bc7 g4
37.c6 Bf5 38.Bxd8 Bc2 39.Be7 g3+ 40.Kf1 Bxd1 41.d6 Bc2 42.c7 Bd3+ 43.Kg1 Bd4+
44.Kh1 Bf5 45.Bc6 Kf7 46.Bxe8+ Kxe8 47.Bxh4 Bf2 48.Bd8 Kd7 49.c8=Q+ Kxc8
50.Bxa5 Kd7 51.Bc7 Bb1 52.a3 Bc2 53.b4 Ba4 54.Bb8 Be3 55.Bc7 Bf2 56.Bb8 Ke6
57.Bc7 Kd5 58.Bb8 Kc4 59.Bc7 Bd7 60.Bd8 Kb5 61.Bf6 Ka4 62.Bb2 Bc6 63.Bc1 Bb5
64.Bb2 Bd7 65.Bc1 Kb3 66.Bd2 Kxa3 67.Bc3 Kb3 68.Bd2 Kc4 69.Bg5 Kxb4 70.Be7 Kc4
71.Bh4 Kd5 72.Bg5 Kxd6 73.Bf4+ Kd5 74.Bb8 Kc4 75.Bc7 Kd3 76.Bb8 Ke2 77.Bc7 Kf1
78.Bd6 Bh3 79.Bxg3 Bxg2+ 80.Kh2 Bg1+  0-1

[Event "47th Doeberl Cup Premier"]
[Site "Canberra AUS"]
[Date "2009.04.11"]
[Round "6"]
[White "Lukman,R"]
[Black "Toth,And1"]
[Result "1/2-1/2"]
[WhiteElo "2254"]
[BlackElo "2399"]

1.Nf3 Nf6 2.c4 g6 3.Nc3 Bg7 4.e4 d6 5.d4 O-O 6.Be2 e5 7.dxe5 dxe5 8.Qxd8 Rxd8
9.Nd5 Nxd5 10.cxd5 c6 11.Bc4 cxd5 12.Bxd5 Nd7 13.Be3 Nf6 14.Bg5 Rxd5 15.exd5 Nxd5
16.Rd1 Be6 17.O-O Rc8 18.Rfe1 f6 19.Be3 Nxe3 20.fxe3 Bf8 21.Rc1 Bc5 22.Kf2 a5
23.Nd2 f5 24.Nb3 Bxb3 25.axb3 b6 26.Ke2 Kf7 27.Red1 Ke6 28.h3 h5 29.Rc4  1/2-1/2

[Event "ArcelorMittal Open"]
[Site "Frydek Mistek CZE"]
[Date "2009.04.11"]
[Round "5"]
[White "Sustek,V"]
[Black "Kovac,A"]
[Result "0-1"]
[WhiteElo "2019"]
[BlackElo "2101"]

1.d4 Nf6 2.Nf3 g6 3.c4 Bg7 4.Nc3 O-O 5.e4 d6 6.Be2 e5 7.dxe5 dxe5 8.Qxd8 Rxd8
9.Bg5 c6 10.Nxe5 Re8 11.O-O Na6 12.f4 Nc5 13.Bf3 Ne6 14.h4 h5 15.Rfd1 Nh7
16.g4 Nhxg5 17.hxg5 Nxg5 18.gxh5 Nxf3+ 19.Nxf3 Bg4 20.Rd3 gxh5 21.Nh2 Be6
22.b3 Kh7 23.Nf3 Bh6 24.Ne2 Bg4 25.Ng5+ Bxg5 26.fxg5 Rxe4 27.Rf1 Rxe2 28.Rxf7+ Kg6
29.Rxb7 Rf8 30.Rxa7 Re1+  0-1

[Event "Open"]
[Site "Lenk SUI"]
[Date "2009.04.11"]
[Round "5"]
[White "Broennimann,M"]
[Black "Nuri,Kam"]
[Result "1/2-1/2"]
[WhiteElo "2292"]
[BlackElo "2208"]

1.d4 Nf6 2.c4 g6 3.Nc3 Bg7 4.e4 d6 5.Nf3 O-O 6.Be2 Nbd7 7.O-O e5 8.d5 Nc5
9.Qc2 a5 10.Ne1 Nh5 11.Bxh5 gxh5 12.Be3 b6 13.Nd3 f5 14.f3 f4 15.Bf2 h4 16.h3 Qg5
17.Kh2 Bf6 18.Rfc1 Kh8 19.Ne1 Rg8 20.b3 Rg7 21.a3 Bd7 22.b4 Na6 23.Qe2 Qh5
24.Rab1 Rag8 25.c5 axb4 26.axb4 bxc5 27.bxc5 Nxc5 28.Bxc5 dxc5 29.Rb7 Bd8
30.Qf1 Qg6 31.Ne2 Qa6 32.Rcb1 Rg6 33.Qf2 Rb6 34.R1xb6 cxb6 35.Rxd7 c4 36.Nc3 Qa5
37.Qb2 Qc5 38.Ne2 Bf6 39.Ng1 c3 40.Qc2 Qe3 41.Qe2 Qd2 42.Rd6 Be7 43.Rxb6 Bc5
44.Qxd2 cxd2 45.Rb1 dxe1=Q 46.Rxe1 Rb8 47.Rd1 Kg7  1/2-1/2

[Event "Jack Speigel Mem"]
[Site "Southend ENG"]
[Date "2009.04.11"]
[Round "3"]
[White "Wells,P"]
[Black "Williams,Si1"]
[Result "0-1"]
[WhiteElo "2489"]
[BlackElo "2512"]

1.d4 Nf6 2.Nf3 g6 3.c4 Bg7 4.Nc3 O-O 5.e4 d6 6.Be2 e5 7.Be3 Nbd7 8.O-O c6
9.d5 c5 10.Ne1 Kh8 11.Nd3 Ng8 12.f4 exf4 13.Bxf4 Qe7 14.Qe1 g5 15.Bg3 Ne5
16.Nxe5 Bxe5 17.Bd3 Bd7 18.Ne2 Rae8 19.Rb1 Bg4 20.b4 Bxe2 21.Qxe2 Bxg3 22.hxg3 cxb4
23.Rxb4 b6 24.Qb2+ f6 25.a4 Rc8 26.a5 bxa5 27.Rb7 Rc7 28.Rb5 a4 29.Ra1 Nh6
30.Rxa4 Ng4 31.Ra6 Ne5 32.Qd4 Rfc8 33.Rb4 Rc5 34.Rba4 R8c7 35.Be2 Rb7 36.Qa1 Rcc7
37.Qa3 Nf7 38.Qa1 Kg7 39.Qd4 Ne5 40.Ra1 Nd7 41.Rxa7 Nc5 42.Rxb7 Rxb7 43.Re1 Rb4
44.Bg4 Qe5 45.Qxe5 fxe5 46.Bf5 Rxc4 47.Rb1 Nxe4 48.Rb7+ Kf6 49.Bxe4 Rxe4
50.Rd7 Rd4 51.Rxd6+ Kf5 52.Rd7 Ke4 53.d6 Ke3 54.Re7 e4 55.d7 h5 56.g4 hxg4
57.Kh2 Kf2 58.Rf7+ Ke2 59.Kg3 e3 60.Rg7 Kd2  0-1

[Event "Jack Speigel Mem"]
[Site "Southend ENG"]
[Date "2009.04.11"]
[Round "3"]
[White "Wells,P"]
[Black "Williams,Si1"]
[Result "0-1"]
[WhiteElo "2489"]
[BlackElo "2512"]

1.d4 Nf6 2.Nf3 g6 3.c4 Bg7 4.Nc3 O-O 5.e4 d6 6.Be2 e5 7.Be3 Nbd7 8.O-O c6
9.d5 c5 10.Ne1 Kh8 11.Nd3 Ng8 12.f4 exf4 13.Bxf4 Qe7 14.Qe1 g5 15.Bg3 Ne5
16.Nxe5 Bxe5 17.Bd3 Bd7 18.Ne2 Rae8 19.Rb1 Bg4 20.b4 Bxe2 21.Qxe2 Bxg3 22.hxg3 cxb4
23.Rxb4 b6 24.Qb2+ f6 25.a4 Rc8 26.a5 bxa5 27.Rb7 Rc7 28.Rb5 a4 29.Ra1 Nh6
30.Rxa4 Ng4 31.Ra6 Ne5 32.Qd4 Rfc8 33.Rb4 Rc5 34.Rba4 R8c7 35.Be2 Rb7 36.Qa1 Rcc7
37.Qa3 Nf7 38.Qa1 Kg7 39.Qd4 Ne5 40.Ra1 Nd7 41.Rxa7 Nc5 42.Rxb7 Rxb7 43.Re1 Rb4
44.Bg4 Qe5 45.Qxe5 fxe5 46.Bf5 Rxc4 47.Rb1 Nxe4 48.Rb7+ Kf6 49.Bxe4 Rxe4
50.Rd7 Rd4 51.Rxd6+ Kf5 52.Rd7 Ke4 53.d6 Ke3 54.Re7 e4 55.d7 h5 56.g4 hxg4
57.Kh2 Kf2 58.Rf7+ Ke2 59.Kg3 e3 60.Rg7 Rd2  0-1

[Event "47th Doeberl Cup Premier"]
[Site "Canberra AUS"]
[Date "2009.04.12"]
[Round "7"]
[White "Ghane,S"]
[Black "Bennett,H"]
[Result "1-0"]
[WhiteElo "2415"]
[BlackElo "2028"]

1.d4 Nf6 2.Nf3 g6 3.c4 Bg7 4.Nc3 O-O 5.e4 d6 6.Be2 e5 7.O-O Na6 8.Qc2 exd4
9.Nxd4 Ng4 10.Nb3 f5 11.exf5 Bxf5 12.Qd1 Qh4 13.Bf4 Ne5 14.Bg3 Qf6 15.Qd5+ Qe6
16.Qxb7 Nxc4 17.Qxa6 Nxb2 18.Rac1 Rae8 19.Bb5 c6 20.Bxc6 Bd3 21.Qa5 Nc4 22.Qd5 Bxf1
23.Bxe8 Rxe8 24.Qxe6+ Rxe6 25.Kxf1 Nb2 26.Nd5 Nd3 27.Rc8+ Kf7 28.Rc7+ Kg8
29.Re7  1-0

[Event "47th Doeberl Cup Premier"]
[Site "Canberra AUS"]
[Date "2009.04.13"]
[Round "9"]
[White "Cheng,Bo"]
[Black "Dragicevic,Do"]
[Result "0-1"]
[WhiteElo "2103"]
[BlackElo "2251"]

1.d4 d6 2.c4 Nd7 3.Nc3 Ngf6 4.e4 e5 5.Nf3 g6 6.Be2 Bg7 7.O-O O-O 8.Qc2 c6
9.Rd1 Re8 10.Rb1 a5 11.b3 Qe7 12.d5 Nc5 13.Nd2 Bd7 14.f3 Rac8 15.Qb2 Nh5
16.g3 f5 17.Nf1 Nf6 18.Bg5 h6 19.Bxf6 Qxf6 20.Ne3 fxe4 21.fxe4 Rf8 22.Ng4 Qe7
23.Qd2 h5 24.Nf2 Rf6 25.Rf1 Rcf8 26.Nd3 Bh3 27.Nxc5 Bxf1 28.Rxf1 Rxf1+ 29.Bxf1 dxc5
30.Bg2 Qf6 31.Nd1 Kh7 32.h4 Bh6 33.Qe2 Kg7 34.Kh1 Rh8 35.Ne3 Bxe3 36.Qxe3 b6
37.Bf3 Re8 38.Kg2 cxd5 39.cxd5 Kh7 40.a4 Rg8 41.Qg5 Rf8 42.Qe3 Rg8 43.Qg5 Qxg5
44.hxg5 Kg7 45.Be2 Kf7 46.Bc4 Rf8 47.d6+ Kg7 48.d7 Rd8 49.Be6 Kf8 50.Bh3 Ke7
51.Kf2 Rxd7 52.Bxd7 Kxd7 53.Ke3 Kc6 54.Kd3 b5 55.axb5+ Kxb5 56.Kc3 c4  0-1

[Event "47th Doeberl Cup Premier"]
[Site "Canberra AUS"]
[Date "2009.04.13"]
[Round "9"]
[White "Mohota,N"]
[Black "Chan,Jas"]
[Result "1-0"]
[WhiteElo "2304"]
[BlackElo "2056"]

1.d4 Nf6 2.c4 g6 3.Nc3 Bg7 4.e4 d6 5.Nf3 O-O 6.Be2 e5 7.Be3 Ng4 8.Bg5 f6
9.Bh4 Nc6 10.d5 Ne7 11.Nd2 Nh6 12.f3 Kh8 13.Qc2 Nhg8 14.Bf2 c5 15.h4 f5 16.g4 fxg4
17.fxg4 Nf6 18.Rg1 h5 19.g5 Ng4 20.Bxg4 Bxg4 21.Nd1 a6 22.Ne3 Bd7 23.Bg3 b5
24.O-O-O Qa5 25.Kb1 Nc8 26.Rdf1 Nb6 27.Be1 b4 28.Nb3 Qa4 29.Nf5 gxf5 30.exf5 Nxd5
31.cxd5 c4 32.f6 cxb3 33.axb3 Bf5 34.fxg7+ Kxg7 35.Rxf5  1-0

[Event "CCF Easter"]
[Site "Coulsdon ENG"]
[Date "2009.04.13"]
[Round "1"]
[White "Rudd,J"]
[Black "McNab,C"]
[Result "1/2-1/2"]
[WhiteElo "2357"]
[BlackElo "2472"]

1.e4 g6 2.d4 d6 3.c4 Nd7 4.Nc3 e5 5.Nf3 Bg7 6.Be2 Ngf6 7.O-O O-O 8.Be3 Re8
9.d5 Nh5 10.Re1 a5 11.a3 Rf8 12.b4 Nf4 13.Bf1 axb4 14.axb4 Rxa1 15.Qxa1 f5
16.exf5 gxf5 17.c5 Ng6 18.Ng5 f4 19.Ne6 fxe3 20.Rxe3 Qh4 21.Nxf8 Ndxf8 22.Qa8 Qd8
23.c6 bxc6 24.dxc6 d5 25.Nxd5 Qxd5 26.Qxc8 Qxc6 27.b5 Qc5 28.Re4 Ne7 29.Qe8 Kh8
30.Bc4 Qd6 31.h4 h6 32.f3 Kh7 33.Rg4 Nfg6 34.Rxg6 Qd4+ 35.Kh2 Qxh4+ 36.Kg1 Qd4+
37.Kh2 Qh4+  1/2-1/2

[Event "80th Viktor Kart Jubilee"]
[Site "Lvov UKR"]
[Date "2009.04.13"]
[Round "3"]
[White "Vidonyak,R"]
[Black "Stets,D"]
[Result "1-0"]
[WhiteElo "2414"]
[BlackElo "2422"]

1.d4 Nf6 2.c4 g6 3.Nc3 Bg7 4.e4 d6 5.Nf3 O-O 6.Be2 e5 7.Be3 Ng4 8.Bg5 f6
9.Bc1 Nc6 10.d5 Nd4 11.Nxd4 exd4 12.Nb5 f5 13.O-O Ne5 14.exf5 d3 15.Bxd3 Nxd3
16.Qxd3 Bxf5 17.Qe2 a6 18.Nc3 Qh4 19.Be3 Rae8 20.Rac1 Rf7 21.b3 Rfe7 22.Qd2 Rxe3
23.fxe3 Rxe3 24.Qxe3 Bd4 25.Nd1 Bxe3+ 26.Nxe3 Qd4 27.Rce1 b5 28.cxb5 axb5
29.Rf2 Bd7 30.Rc2 Qa7 31.h3 h5 32.Kh2 Kg7 33.Nf1 Kh6 34.Re7 Bf5 35.Rcxc7 Qf2
36.Ne3 Qf4+ 37.g3 Qf2+ 38.Ng2 Qxa2 39.g4 hxg4 40.Rh7+ Kg5 41.h4+ Kf6 42.Rce7 g3+
43.Kxg3 Qxb3+ 44.Ne3  1-0

[Event "80th Viktor Kart Jubilee"]
[Site "Lvov UKR"]
[Date "2009.04.14"]
[Round "4"]
[White "Vidonyak,R"]
[Black "Zawadzka,J"]
[Result "1/2-1/2"]
[WhiteElo "2414"]
[BlackElo "2390"]

1.d4 Nf6 2.Nf3 g6 3.c4 Bg7 4.Nc3 O-O 5.e4 d6 6.Be2 e5 7.dxe5 dxe5 8.Qxd8 Rxd8
9.Bg5 Rf8 10.Nxe5 Nxe4 11.Nxe4 Bxe5 12.O-O-O Bf5 13.Nf6+ Kg7 14.Ng4  1/2-1/2

[Event "80th Viktor Kart Jubilee"]
[Site "Lvov UKR"]
[Date "2009.04.14"]
[Round "4"]
[White "Stips,F"]
[Black "Kozakov,M"]
[Result "1-0"]
[WhiteElo "2189"]
[BlackElo "2457"]

1.d4 Nf6 2.c4 g6 3.Nc3 Bg7 4.e4 d6 5.Nf3 O-O 6.Be2 e5 7.dxe5 dxe5 8.Qxd8 Rxd8
9.Bg5 c6 10.Nxe5 Re8 11.Rd1 Na6 12.Rd6 Nxe4 13.Nxe4 Bxe5 14.Nf6+ Bxf6 15.Bxf6 Nc5
16.f3 Bf5 17.Kf2 Re6 18.Rhd1 Rxd6 19.Rxd6 Be6 20.b3 a5 21.Rd8+ Rxd8 22.Bxd8 a4
23.b4 Nd7 24.Ke3 Kf8 25.Kd4 Ke8 26.Bc7 a3 27.Bf4 Ke7 28.Bc1 b6 29.Bxa3 Kd6
30.Bc1 c5+ 31.Kc3 f6 32.Bf4+ Ne5 33.a4 g5 34.Bg3 cxb4+ 35.Kxb4 Kc6 36.Bf2 Bf5
37.Bd4 Nd7 38.a5 bxa5+ 39.Kxa5 Be6 40.Kb4 f5 41.Bd1 h5 42.Ba4+ Kc7 43.Kc3 Kd6
44.Kb4 Kc7 45.Be3 f4 46.Bd4 Bf7 47.Bg7  1-0

[Event "80th Viktor Kart Jubilee"]
[Site "Lvov UKR"]
[Date "2009.04.15"]
[Round "6"]
[White "Stips,F"]
[Black "Vovk,Y"]
[Result "1/2-1/2"]
[WhiteElo "2189"]
[BlackElo "2575"]

1.d4 Nf6 2.c4 g6 3.Nc3 Bg7 4.e4 d6 5.Nf3 O-O 6.Be2 e5 7.dxe5 dxe5 8.Qxd8 Rxd8
9.Bg5 Re8 10.Nd5 Nxd5 11.cxd5 c6 12.Bc4 cxd5 13.Bxd5 Nd7 14.Nd2 Nc5 15.Nc4 Bf8
16.O-O Be6 17.Rfd1 Nxe4 18.Bxe4 Bxc4 19.b3 Ba6 20.Rd7 h6 21.Be3 Re7 22.Rad1 Kg7  1/2-1/2

[Event "Sydney International Open"]
[Site "Parramatta AUS"]
[Date "2009.04.15"]
[Round "1"]
[White "Mohota,N"]
[Black "Lee,B"]
[Result "1-0"]
[WhiteElo "2304"]
[BlackElo "2022"]

1.d4 Nf6 2.c4 g6 3.Nc3 Bg7 4.e4 d6 5.Nf3 O-O 6.Be2 e5 7.Be3 Nc6 8.d5 Ne7
9.Nd2 Nd7 10.b4 f5 11.f3 Nf6 12.c5 f4 13.Bf2 g5 14.Nc4 h5 15.cxd6 cxd6 16.Nb5 Ne8
17.Nxa7 Rf6 18.Nxc8 Nxc8 19.O-O Rg6 20.a4 Qd7 21.Nb6 Nxb6 22.Bxb6 g4 23.a5 Bf6
24.Rc1 Bd8 25.Bxd8 Rxd8 26.Rc3 Rg7 27.Qd3 Rc8 28.Rfc1 Rxc3 29.Qxc3 Kh7 30.Qc8 g3
31.Qxd7 Rxd7 32.Bb5 Rc7 33.Rxc7+ Nxc7 34.Bd7 b5 35.Bc8 Kg7 36.Bb7 Kf7 37.a6 Ke7
38.a7 Kd7 39.a8=Q Nxa8 40.Bxa8 Kc7 41.Bc6 Kb6 42.Be8  1-0

[Event "XXVII Open"]
[Site "Metz FRA"]
[Date "2009.04.16"]
[Round "8"]
[White "David,Alb"]
[Black "Shchekachev,A"]
[Result "1-0"]
[WhiteElo "2587"]
[BlackElo "2532"]

1.d4 Nf6 2.c4 g6 3.Nc3 Bg7 4.e4 d6 5.Nf3 O-O 6.Be2 e5 7.O-O c6 8.d5 Na6 9.Be3 Ng4
10.Bg5 f6 11.Bh4 c5 12.Ne1 h5 13.h3 Nh6 14.Nd3 Nb4 15.Ne1 Qe8 16.a3 Na6 17.Rb1 f5
18.Nb5 Nf7 19.exf5 Bxf5 20.Nc2 Qd7 21.b4 Bh6 22.Rb3 Bf4 23.Ne3 Nh6 24.Bg3 b6
25.Re1 Bxe3 26.Rxe3 cxb4 27.Qd2 b3 28.Nxd6 Qxd6 29.Rxe5 Qf6 30.Qxh6 b2 31.Bf3 Qg7
32.Qxg7+ Kxg7 33.Re7+ Kf6 34.d6 b1=Q 35.Be5+ Kg5 36.h4+ Kxh4 37.Rxb1 Bxb1
38.Bxa8 Rxa8 39.d7 Nc5 40.Re8 Nxd7 41.Bg3+ Kg5 42.Rxa8 a5 43.Ra7 Bf5 44.Bc7 Kf6
45.Bxb6  1-0

[Event "Sydney International Open"]
[Site "Parramatta AUS"]
[Date "2009.04.16"]
[Round "3"]
[White "Wright,N"]
[Black "Stojic,S"]
[Result "1-0"]
[WhiteElo "2208"]
[BlackElo "1989"]

1.Nf3 Nf6 2.c4 g6 3.Nc3 Bg7 4.e4 d6 5.d4 O-O 6.Be2 Na6 7.O-O e5 8.Be3 exd4
9.Nxd4 Nc5 10.f3 a5 11.Ndb5 Qe7 12.Qd2 Be6 13.Rfd1 Rfd8 14.Rab1 Rd7 15.b3 Rad8
16.Nd5 Bxd5 17.cxd5 c6 18.dxc6 bxc6 19.Nd4 Rc8 20.Rbc1 d5 21.Qxa5 Nb7 22.Qb6 c5
23.Bb5 Rdc7 24.Bf4 Nd7 25.Bxd7 Rxd7 26.Nb5 dxe4 27.Rxd7 Qxd7 28.fxe4 Re8
29.Nd6 Nxd6 30.Bxd6 Bd4+ 31.Kh1 Qg4 32.Bxc5 Qf4 33.Rd1 Be5 34.Bg1 Bc7 35.Qe3 Qh4
36.Re1 f5 37.Qc3 Be5 38.Qc4+ Kg7 39.Re2 Rd8 40.exf5 Rd4 41.g3 Qg4 42.Bxd4 Bxd4
43.Qd3 gxf5 44.Kg2 Bf6 45.h3 Qg6 46.Rf2 Be5 47.g4  1-0

[Event "4th Open"]
[Site "Angers FRA"]
[Date "2009.04.17"]
[Round "1"]
[White "Letertre,A"]
[Black "Bailet,P"]
[Result "0-1"]
[WhiteElo "1911"]
[BlackElo "2343"]

1.d4 Nf6 2.c4 g6 3.Nc3 Bg7 4.e4 d6 5.Nf3 O-O 6.Be2 Nbd7 7.O-O e5 8.Re1 c6
9.b4 exd4 10.Nxd4 Re8 11.Bf1 a5 12.b5 c5 13.Nc2 Ng4 14.Qxg4 Bxc3 15.Bg5 f6
16.Bh4 Ne5 17.Qd1 Bxe1 18.Qxe1 g5 19.Bg3 f5 20.f4 gxf4 21.Bxf4 Ng6 22.Qg3 Rxe4
23.Bg5 Qf8 24.Rd1 Rg4 25.Qd3 Rxg5  0-1

[Event "CCF Easter"]
[Site "Coulsdon ENG"]
[Date "2009.04.17"]
[Round "8"]
[White "Allicock,R"]
[Black "Cherniaev,A1"]
[Result "0-1"]
[WhiteElo "2324"]
[BlackElo "2423"]

1.d4 Nf6 2.Nf3 d6 3.c4 g6 4.Nc3 Bg7 5.e4 O-O 6.Be2 Nbd7 7.O-O e5 8.Be3 Re8
9.d5 Nh5 10.Qc1 Bf8 11.Ne1 Ng7 12.Nd3 Be7 13.b4 f5 14.f3 f4 15.Bf2 Bh4 16.Qe1 Bxf2+
17.Qxf2 Nf6 18.c5 Re7 19.a4 Nge8 20.Qh4 Rg7 21.Qg5 h6 22.Qxh6 Nh5 23.Nxe5 Qf6
24.Nxg6 Rxg6 25.Qxh5 Ng7  0-1

[Event "ch-MGL"]
[Site "Ulan Bator MGL"]
[Date "2009.04.17"]
[Round "11"]
[White "Tserendorj,B"]
[Black "Bayarmandakh,B"]
[Result "1-0"]
[WhiteElo "2068"]
[BlackElo "2345"]

1.Nf3 Nf6 2.c4 g6 3.d4 Bg7 4.Nc3 O-O 5.e4 d6 6.Be2 e5 7.d5 Nh5 8.g3 f5 9.Ng5 Nf6
10.exf5 Bxf5 11.g4 Bd7 12.h4 Qc8 13.Rg1 a6 14.a4 Qe8 15.Nge4 Nxe4 16.Nxe4 h6
17.a5 Qe7 18.h5 g5 19.Qb3 Bc8 20.c5 Kh8 21.cxd6 cxd6 22.Qb6 Nd7 23.Qc7 Qd8
24.Qxd8 Rxd8 25.Nxd6 Kg8 26.Nc4 Nc5 27.Nb6 Rb8 28.Bc4 Bd7 29.Be3 Ne4 30.O-O-O Nd6
31.b3 Be8 32.Rge1 Bd7 33.Rg1 Bb5 34.Kb1 Kh8 35.Rc1 Be8 36.f3 e4 37.f4 Nf7
38.fxg5 hxg5 39.Rgf1 Ne5 40.Bxg5 Nxg4 41.Bxd8 Rxd8 42.Rce1 Nh6 43.Rxe4 Bxh5
44.Re7 Rd6 45.Rxb7 Rg6 46.Rb8+ Kh7 47.Bd3  1-0

[Event "CCF Easter"]
[Site "Coulsdon ENG"]
[Date "2009.04.18"]
[Round "10"]
[White "Cox,JohnJ"]
[Black "Radovanovic,J"]
[Result "1-0"]
[WhiteElo "2367"]
[BlackElo "2323"]

1.d4 Nf6 2.c4 g6 3.Nc3 Bg7 4.e4 d6 5.Nf3 O-O 6.Be2 e5 7.O-O Qe8 8.dxe5 dxe5
9.b4 b6 10.b5 Bb7 11.Qc2 Nbd7 12.Ba3 Nc5 13.Bxc5 bxc5 14.Nd2 c6 15.Nb3 Qe7
16.Na5 cxb5 17.cxb5 Rad8 18.Bc4 Rd4 19.Nxb7 Qxb7 20.Bd5 Nxd5 21.Nxd5 c4 22.a4 f5
23.Rfe1 fxe4 24.Nc3 Rf4 25.Re2 Bf8 26.Rae1 Bb4 27.Rb1 Bc5 28.g3 Rg4 29.Nd1 e3
30.Nxe3 Rge4 31.Rd1 Qf7 32.Rxd4 exd4 33.Qxe4 dxe3 34.fxe3 c3 35.Rf2 Qb3 36.Qe8+ Kg7
37.Qe5+ Kh6 38.Qxc5 Qb1+ 39.Kg2 Qe4+ 40.Kh3  1-0